000 00457nam a2200157 i 4500
001 36268
003 ES-MaACL
005 20230906155333.0
007 t|
008 030217s1972 sp ||||1| spa d
100 1 _aBrind'Amour, Sylvain.
_931749
245 1 3 _aEl desarrollo de la personalidad
_b: camino del tiempo /
_cSylvain Brind'Amour.
260 _aBilbao :
_bMensajero,
_c[1972]
300 _a190 p. ;
_c18 cm.
852 _aES-MaACL
_jC-54424
_bR.83826
999 _c36268
_d36268